000 00529cab a2200205 4500
001 X1844
008 090401t1995 xxu||||| |||| 00| 0 eng d
035 _a(Sirsi) u19863
041 _aeng
100 _aDixon, T.
245 _aBusiness support
260 _c1995
350 _a0
490 _aCSM (Chartered Surveyor Monthly)
_v4(3) January 1995, 39(1)
650 _aCOMPETITION
650 _aPRACTICE MANAGEMENT
690 _aMANAGEMENT-BUSINESS MANAGEMENT-INFORMATION MANAGEMENT
942 _n0
948 _c04/03/1997
999 _c13306
_d13306